000 00588nam a22002177a 4500
003 UA-OsUOA
001 87911
007 ta
008 20120926b un ||||| |||| 00| 0 ukr d
090 _a821.161.2
_bБ87
942 _cBK
040 _aUA-OsUOA
_bukr
_cUA-OsUOA
_dUA-OsUOA
245 _aБрати
_bоповідання
_cупоряд. Логвиненко М.
300 _a222 с.
955 _a3
041 _aukr
080 _a821.161.2
260 _aК.
_bДніпро
_c1975
650 7 _a82 Література. Літературознавство
_2UDC
999 _c374764
_d374764